| 000 | 00503 a2200157 4500 | ||
|---|---|---|---|
| 020 | _a8171419100 | ||
| 020 | _a9788171419104 | ||
| 082 | _a536.7 | ||
| 100 | _aJHA, D. K. | ||
| 245 | 0 | 0 |
_aText book of thermodynamics. _cD. K. JHA |
| 260 |
_a[S.l.] : _bDiscovery Publishing House, _c2004. |
||
| 300 | _a1 v. (unpaged) | ||
| 700 | _aJHA, D. K. | ||
| 942 |
_aSNS _cBK _k536.7 JHA |
||
| 999 |
_c29259 _d29259 |
||